| 000 | 00343nam a22001097a 4500 | ||
|---|---|---|---|
| 008 | 230606b xxu||||| |||| 00| 0 eng d | ||
| 082 |
_a341.765 _bWHO |
||
| 245 |
_aExecutive Board 122nd Session Geneva,21-25 January 2008 _bResolutions and Decisions Annexes |
||
| 260 |
_aGeneva _bWorld Health Organization _c2008 |
||
| 300 | _aXI,42p | ||
| 942 |
_2ddc _cBK |
||
| 999 |
_c489 _d489 |
||